Statistics for Classic Rock Bands #1

Click here to take the quiz!

General Stats

  • This quiz has been taken 1,158 times
    (967 since last reset)
  • The average score is 19 of 27

Answer Stats

SongsBand/Musician% Correct
"We Will Rock You", "Killer Queen"Queen
98%
"Stairway to Heaven", "Kashmir"Led Zeppelin
95%
"Gimme Shelter", "Sympathy for the Devil"The Rolling Stones
92%
"Walk This Way", "Dream On"Aerosmith
91%
"Back in Black", "Let There Be Rock"AC/DC
90%
"Iron Man", "Paranoid"Black Sabbath
89%
"Shine on You Crazy Diamond", "Another Brick in the Wall"Pink Floyd
88%
"Ziggy Stardust", "Space Oddity"David Bowie
86%
"Born in the USA", "Born to Run"Bruce Springsteen
85%
"Imagine", "Oh My Love"John Lennon
83%
"Baba O'Riley", "Pinball Wizard"The Who
83%
"Poison", "School's Out"Alice Cooper
79%
"Detroit Rock City", "Rock and Roll All Nite"KISS
77%
"Mr. Tambourine Man", "Like a Rolling Stone"Bob Dylan
74%
"One Way or Another", "Heart of Glass"Blondie
72%
"Fortunate Son", "Run Through the Jungle"Creedence Clearwater Revival
71%
"Train in Vain", "London Calling"The Clash
69%
"Blitzkrieg Pop", "I Wanna Be Sedated"The Ramones
69%
"You Really Got Me", "Supersonic Rocket Ship"The Kinks
66%
"Go Your Own Way", "Gypsy"Fleetwood Mac
65%
"The End", "Break on Through (To the Other Side)"The Doors
62%
"Juke Box Hero", " I Want to Know What Love is"Foreigner
58%
"The Joker", "Hey Yeah"Steve Miller Band
52%
"Black Magic Woman", "Ah, Sweet Dancer"Santana
50%
"Strange Brew", "I Feel Free"Cream
30%
"Touch of Grey", "Casey Jones"Grateful Dead
30%
"Alison", "Watching the Detectives"Elvis Costello
23%

Score Distribution

Percentile by Number Answered

Percent of People with Each Score

Your Score History

You have not taken this quiz since the last reset